00337nam a22001217a 4500020001800000040000900018082001500027100001800042110002000060245006800080260004300148650002400191 a9781409337355 cNUST a745.92 WEL aWelford, Mark aWicks, Stephen  a Simple Flower Arranging: bStep By Step Designs And Techniques aLONDON:bDK Dorling Kindersley,c2014. aFlower arrangement.